000
00195nam a22000857a 4500
999
_c
11828
_d
11828
008
200227b ||||| |||| 00| 0 eng d
020
_a
9780395150238
100
_a
Rey
_9
7467
245
_a
Curious George